| 000 | 00786nam a2200229 a 4500 | ||
|---|---|---|---|
| 001 | 000014710 | ||
| 005 | 20230131103017.0 | ||
| 008 | 100119s2009 dr a r 001 0 spa d | ||
| 020 | _a9789945862812 | ||
| 040 |
_aDO-SdBNP _bspa _cBNPHU |
||
| 082 |
_a294.5436 _bD488n, 2009 |
||
| 100 | 0 |
_a Devanand Saraswati, _cSwami Guru _d1917-1990 _933363 |
|
| 245 | 1 | 0 |
_aNacimos para triunfar / _cSwami Gurú Devanand Saraswati Ji Maharaj. |
| 250 | _a2ª ed. | ||
| 260 |
_aSanto Domingo : _bSociedad Internacional de Realización Divina, _c2009. |
||
| 300 |
_a250 p. ; _c23 cm. |
||
| 500 | _aIncluye datos biográficos del autor en la solapa de la cubierta. | ||
| 590 | _aInventariado, 2018/VM | ||
| 650 | 4 |
_aYoga _9685 |
|
| 650 | 4 |
_aHinduismo _9689 |
|
| 910 | _aValidado. Control de calidad. EMS | ||
| 999 |
_c14293 _d14293 |
||